000 00789nam a2200277 a 4500
003 DO-SdBNP
005 20250109072528.0
007 ta
008 250109e2018 sp ||||er|||| 000 fdspa d
020 _a9788416291663
040 _aDO-SdBNP
_bspa
_cBNPHU
_erda
041 _hspa
082 4 _a863.44
_bH557h
_222
100 1 _aHernández, Rita Indiana,
_d1977-
_eautor
_97082
245 1 0 _aHecho en saturno /
_bRita Indiana Hernández
264 _aEspaña :
_bPeríférica,
_c2018
300 _a207 páginas. ;
_c21 cm.
336 _ardacontent
_btexto
_2txt
337 _ardamedia
_bsin mediación
_2n
338 _ardacarrier
_bvolumen
_2nc
590 _aInventariado 2025 / DG
650 4 _aLiteratura
_980984
650 0 _aNovela dominicana
_9223
910 _aDG
942 _2ddc
_cLBS1
999 _c58010
_d58010